Line on fire : (Record no. 165541)

MARC details
000 -LEADER
fixed length control field 00658nam a22001937a 4500
005 - DATE AND TIME OF LATEST TRANSACTION
control field 20190621145532.0
010 ## - LCCN (DPL NO)
LC control number ENG-125704
020 ## - INTERNATIONAL STANDARD BOOK NUMBER
International Standard Book Number 9780199489893
Terms of availability 995.00
035 ## - SYSTEM CONTROL NUMBER
System control number EN-109236
037 ## - SOURCE OF ACQUISITION
Source of stock number/acquisition DBAD/PUB
082 ## - DEWEY DECIMAL CLASSIFICATION NUMBER
Classification number 303.695
100 ## - MAIN ENTRY--PERSONAL NAME
Personal name Jacob, Happymon
245 ## - TITLE STATEMENT
Title Line on fire :
Statement of responsibility, etc Happymon Jacob
Remainder of title ceasefire violations and India-Pakistan escalation dynamics /
260 ## - PUBLICATION, DISTRIBUTION, ETC. (IMPRINT)
Place of publication, distribution, etc New Delhi
Name of publisher, distributor, etc Oxford university press
Date of publication, distribution, etc 2018
270 ## - ADDRESS
Address 2/11, Ground Floor, Ansai Road, Daryaganj
City New Delhi
Postal code 110002
300 ## - PHYSICAL DESCRIPTION
Extent xx,401p.
Dimensions 22cm(Hb)
500 ## - GENERAL NOTE
General note Includes bibliographical references and index
942 ## - ADDED ENTRY ELEMENTS (KOHA)
Source of classification or shelving scheme Dewey Decimal Classification
Item type English Books
Classification part 303.695
Call number suffix LIN
Holdings
Withdrawn status Lost status Not for loan Collection code Home library Current library Date acquired Source of acquisition Cost, normal purchase price Full call number Barcode Copy number Cost, replacement price Koha item type
    Not For Loan Non-fiction D.B.Act.Division Mobile Library 21/06/2019 DBAD/PUB 995.00 303.695 LIN EN-109236 1 995.00 English Books

© Delhi Public Library
Hit Counter
free hit counter